Guía completa de AMA (American Marketing Association) : para el Marketing de pequeñas y medianas empresas /

保存先:
書誌詳細
第一著者: Cook, Kenneth J. (autor)
フォーマット: 図書
言語:スペイン語
出版事項: Barcelona, España : Granica, 1997, c1997
シリーズ:(Management Granica)
主題:
タグ: タグ追加
タグなし, このレコードへの初めてのタグを付けませんか!

MARC

LEADER 00000nam^a2200000^a^4500
001 000184498
005 20250521000000.0
009 20260310102119.357
020 |a 84-7577-433-4 
037 |a Acervo ITESO - Biblioteca 
041 |a ESP 
082 |a 658. 022  |b COO 
100 |a Cook, Kenneth J.  |e (autor) 
245 1 0 |a Guía completa de AMA (American Marketing Association) :  |b para el Marketing de pequeñas y medianas empresas /  |c K.J. Cook. 
264 4 |a Barcelona, España :  |b Granica,  |c 1997, c1997 
300 |a 215 p. 
336 |a texto  |b txt  |2 rdacontenido 
337 |a sin mediación  |b n  |2 rdamedio 
338 |a volumen  |b nc  |2 rdasoporte 
440 1 |a (Management Granica) 
500 |a Traducción de: AMA Complete Guide to Small Business Marketing 
649 |a XX 
650 |a Ventas 
650 |a Investigación de Mercado 
650 |a Publicidad 
650 |a Mezcla de Mercadotecnia 
650 |a Toma de Decisiones 
650 |a Mercadotecnia 
650 |a Planeación Estratégica 
650 |a Proceso Administrativo 
650 |a Pequeña Empresa -  |x Administración 
650 |a Mediana Empresa -  |x Administración 
650 |a Empresas -  |x Administración 
650 |a Ciencias Administrativas 
910 |a Fondo General 
920 |a Impresos - Libros 
930 |a Colección General 
905 |a 101 
901 |a 0500125452  |b IT1  |c ACC  |u 20250521 
902 |a https://opac.biblio.iteso.mx/vufind/Record/000184498